An introduction to physical science / (Record no. 600870)

000 -LEADER
fixed length control field 00274nam a2200109Ia 4500
008 - FIXED-LENGTH DATA ELEMENTS--GENERAL INFORMATION
fixed length control field 230907s9999||||xx |||||||||||||| ||und||
082 ## - DEWEY DECIMAL CLASSIFICATION NUMBER
Classification number 500.2
Author Mark INT
100 ## - MAIN ENTRY--PERSONAL NAME
Personal name Shipman, John T.
9 (RLIN) 116036
245 #3 - TITLE STATEMENT
Title An introduction to physical science /
300 ## - PHYSICAL DESCRIPTION
Extent 730 p.
942 ## - ADDED ENTRY ELEMENTS (KOHA)
Koha item type Book
Holdings
Withdrawn status Lost status Damaged status Not for loan Permanent Location Current Location Date acquired Total Checkouts Full call number Barcode Date last seen Price effective from Koha item type
        US-Pakistan Center for Advanced Studies in Energy (USPCAS-E) US-Pakistan Center for Advanced Studies in Energy (USPCAS-E) 11/13/2019   500.2 INT CAS-E0004969 09/12/2023 09/12/2023 Book
© 2023 Central Library, National University of Sciences and Technology. All Rights Reserved.